Statistics for Survivor returning players

Click here to take the quiz!

General Stats

  • This quiz has been taken 1,413 times
  • The average score is 60 of 79

Answer Stats

Original seasonContestantAdditional season(s)% Correct
Marquesas (4)Rob MarianoAll-Stars (8), Heroes vs. Villains (20) & Redemption Island (22)
96%
The Amazon (6)Rob CesterninoAll-Stars (8)
95%
The Australian Outback (2)Colby DonaldsonAll-Stars (8) & Heroes vs. Villains (20)
92%
Tocantins (18)James "J.T." Thomas, Jr.Heroes vs. Villains (20)
92%
Borneo (1)Richard HatchAll-Stars (8)
92%
Pearl Islands (7)Rupert BonehamAll-Stars (8), Heroes vs. Villains (20) & Blood vs. Water (27)
91%
Pearl Islands (7)Sandra Diaz-TwineHeroes vs. Villains (20)
91%
The Australian Outback (2)Tina WessonAll-Stars (8) & Blood vs. Water (27)
91%
Borneo (1)Kelly WiglesworthCambodia (31)
90%
Cook Islands (13)Oscar "Ozzy" LusthMicronesia (16) & South Pacific (23)
89%
Cook Islands (13)Parvati ShallowMicronesia (16) & Heroes vs. Villains (20)
89%
Samoa (19)Russell HantzHeroes vs. Villains (20) & Redemption Island (22)
89%
Africa (3)Tom BuchananAll-Stars (8)
89%
Palau (10)Tom WestmanHeroes vs. Villains (20)
89%
China (15)Amanda KimmelMicronesia (16) & Heroes vs. Villains (20)
88%
Samoa (19)Russell SwanPhilippines (25)
88%
Tocantins (18)Tyson ApostolHeroes vs. Villains (20) & Blood vs. Water (27)
88%
China (15)James ClementMicronesia (16) & Heroes vs. Villains (20)
87%
The Australian Outback (2)Jerri MantheyAll-Stars (8) & Heroes vs. Villains (20)
87%
Tocantins (18)Benjamin "Coach" WadeHeroes vs. Villains (20) & South Pacific (23)
86%
Africa (3)Ethan ZohnAll-Stars (8)
86%
Palau (10)Stephenie LaGrossaGuatemala (11) & Heroes vs. Villains (20)
86%
The Australian Outback (2)Amber BrkichAll-Stars (8)
85%
Panama (12)Cirie FieldsMicronesia (16) & Heroes vs. Villains (20)
85%
Borneo (1)Jenna LewisAll-Stars (8)
84%
The Amazon (6)Jenna MorascaAll-Stars (8)
84%
South Pacific (23)John CochranCaramoan (26)
84%
Borneo (1)Gervase PetersonBlood vs. Water (27)
83%
Gabon (17)Jessica "Sugar" KiperHeroes vs. Villains (20)
81%
China (15)Courtney YatesHeroes vs. Villains (20)
80%
One World (24)Kat EdorssonBlood vs. Water (27)
80%
Micronesia (16)Erik ReichenbachCaramoan (26)
79%
Cagayan (28)Spencer BledsoeCambodia (31)
79%
Cook Islands (13)Jonathan PennerMicronesia (16) & Philippines (25)
78%
The Australian Outback (2)Michael SkupinPhilippines (25)
78%
Borneo (1)Susan HawkAll-Stars (8)
78%
Cook Islands (13)Candice CodyHeroes vs. Villains (20) & Blood vs. Water (27)
77%
Pearl Islands (7)Jon "Jonny Fairplay" DaltonMicronesia (16)
77%
Panama (12)Aras BaskauskasBlood vs. Water (27)
76%
One World (24)Monica CulpepperBlood vs. Water (27)
76%
Borneo (1)Rudy BoeschAll-Stars (8)
76%
Africa (3)Lex van den BergheAll-Stars (8)
75%
Samoa (19)Monica PadillaCambodia (31)
75%
Gabon (17)Randy BaileyHeroes vs. Villains (20)
75%
San Juan del Sur (29)Jeremy CollinsCambodia (31)
74%
Tocantins (18)Stephen FishbachCambodia (31)
74%
Cagayan (28)Kassandra "Kass" McQuillenCambodia (31)
73%
Philippines (25)Malcolm FrebergCaramoan (26)
73%
Redemption Island (22)Andrea BoehlkeCaramoan (26)
72%
Panama (12)Danielle DiLorenzoHeroes vs. Villains (20)
72%
Vanuatu (9)Eliza OrlinsMicronesia (16)
72%
Cagayan (28)Latasha "Tasha" FoxCambodia (31)
72%
Redemption Island (22)Phillip SheppardCaramoan (26)
71%
Pearl Islands (7)Andrew SavageCambodia (31)
70%
The Australian Outback (2)Jeff VarnerCambodia (31)
70%
San Juan del Sur (29)Keith NaleCambodia (31)
69%
San Juan del Sur (29)Kelley WentworthCambodia (31)
69%
The Australian Outback (2)Kimmi KappenbergCambodia (31)
69%
Fiji (14)Yau-Man ChanMicronesia (16)
69%
Cagayan (28)Yung "Woo" HwangCambodia (31)
69%
Nicaragua (21)Brenda LoweCaramoan (26)
68%
Worlds Apart (30)Joe AnglimCambodia (31)
67%
South Pacific (23)Dawn MeehanCaramoan (26)
66%
Samoa (19)Laura MorettBlood vs. Water (27)
66%
Panama (12)Terry DeitzCambodia (31)
66%
Blood vs. Water (27)Ciera EastinCambodia (31)
65%
Marquesas (4)Kathy Vavrick-O'BrienAll-Stars (8)
63%
The Australian Outback (2)Alicia CalawayAll-Stars (8)
62%
One World (24)Colton CumbieBlood vs. Water (27)
61%
Thailand (5)Shii Ann HuangAll-Stars (8)
61%
Philippines (25)Abi-Maria GomesCambodia (31)
60%
Vanuatu (9)Ami CusackMicronesia (16)
60%
South Pacific (23)Brandon HantzCaramoan (26)
60%
Gabon (17)Corinne KaplanCaramoan (26)
60%
Palau (10)Bobby Jon DrinkardGuatemala (11)
59%
Blood vs. Water (27)Vytas BaskauskasCambodia (31)
56%
Redemption Island (22)Francesca HogiCaramoan (26)
55%
China (15)Peih-Gee LawCambodia (31)
55%
Worlds Apart (30)Shirin OskooiCambodia (31)
52%

Score Distribution

Percentile by Number Answered

Percent of People with Each Score

Your Score History

You have not taken this quiz